Bộ luật hình sự và các văn bản hướng dẫn thi hành /

Bộ luật hình sự; Các văn bản hướng dẫn thi hành.

Sparad:
Bibliografiska uppgifter
Övriga upphovsmän: Nông Thị Hồng H (sưu tầm và biên soạn.)
Materialtyp: Bok
Språk:Vietnamese
Publicerad: [Hà Nội] : Công an nhân dân, 2004.
Serie:Tủ sách pháp luật phổ thông.
Ämnen:
Taggar: Lägg till en tagg
Inga taggar, Lägg till första taggen!
Thư viện lưu trữ: Mạng thư viện Đại học Đà Nẵng
LEADER 01303cam a2200361 a 4500
001 000043954
003 2091
005 20060421150357.0
008 010217b2004 vm 000 vie
020 |c 49000 
040 |a LRC  |c LRC  |d LRC 
041 0 |a vie 
082 1 4 |a 345.597  |b Bô-L 
245 0 0 |a Bộ luật hình sự và các văn bản hướng dẫn thi hành /  |c Nông Thị Hồng Hà (sưu tầm và biên soạn). 
260 |a [Hà Nội] :  |b Công an nhân dân,  |c 2004. 
300 |a 487 tr. ;  |c 19 cm. 
440 0 |a Tủ sách pháp luật phổ thông. 
520 3 |a Bộ luật hình sự; Các văn bản hướng dẫn thi hành. 
630 0 4 |a Luật hình sự. 
650 0 4 |a Luật hình sự  |z Việt Nam. 
700 1 |a Nông Thị Hồng Hà,  |e sưu tầm và biên soạn. 
OWN |a DUT 
AVA |a UDN50  |b DUT  |c Book  |d 345.597 Bô-L  |e available  |t Error 5001 Not defined in file expand_doc_bib_avail.  |f 3  |g 0  |h N  |i 0  |j SH  |k 1 
999 |a From the UDN01 
AVA |a UDN50  |b DUT  |c Book  |d 345.597 Bô-L  |e available  |t Error 5001 Not defined in file expand_doc_bib_avail.  |f 3  |g 0  |h N  |i 0  |j SH  |k 1 
TYP |a Monograph 
TYP |a Printed language 
980 |a Mạng thư viện Đại học Đà Nẵng